Geology and ground-water resources of Choctaw county, Alabama, (Record no. 28634)
[ view plain ]
| 000 -LEADER | |
|---|---|
| fixed length control field | 01104cam a22002651 4500 |
| 001 - CONTROL NUMBER | |
| control field | gs 52000114 |
| 003 - CONTROL NUMBER IDENTIFIER | |
| control field | DLC |
| 005 - DATE AND TIME OF LATEST TRANSACTION | |
| control field | 20260227111358.0 |
| 008 - FIXED-LENGTH DATA ELEMENTS--GENERAL INFORMATION | |
| fixed length control field | 731024s1951 xx 000 0 eng |
| 010 ## - LIBRARY OF CONGRESS CONTROL NUMBER | |
| LC control number | gs 52000114 |
| 035 ## - SYSTEM CONTROL NUMBER | |
| System control number | (OCoLC)726918 |
| 040 ## - CATALOGING SOURCE | |
| Original cataloging agency | DLC |
| Transcribing agency | OAU |
| Modifying agency | OCoLC |
| -- | DLC |
| 042 ## - AUTHENTICATION CODE | |
| Authentication code | premarc |
| 050 00 - LIBRARY OF CONGRESS CALL NUMBER | |
| Classification number | QE81 |
| Item number | .A17 no. 2 |
| 100 1# - MAIN ENTRY--PERSONAL NAME | |
| Personal name | Toulmin, Lyman Dorgan, |
| Dates associated with a name | 1904- |
| 245 00 - TITLE STATEMENT | |
| Title | Geology and ground-water resources of Choctaw county, Alabama, |
| Statement of responsibility, etc. | by L. D. Toulmin, P. E. La Moreaux and C. R. Lanphere. Prepared by the U. S. Geological Survey in cooperation with the Geological Survey of Alabama. |
| 260 ## - PUBLICATION, DISTRIBUTION, ETC. | |
| Place of publication, distribution, etc. | University, |
| Date of publication, distribution, etc. | 1951. |
| 300 ## - PHYSICAL DESCRIPTION | |
| Extent | x, 197 p. |
| Other physical details | illus., maps (2 fold., 1 col., in pocket) diagrs., 4 tables. |
| Dimensions | 23 cm. |
| 490 1# - SERIES STATEMENT | |
| Series statement | Alabama. Geological Survey. Special report 21 and County report 2 |
| 504 ## - BIBLIOGRAPHY, ETC. NOTE | |
| Bibliography, etc. note | Bibliography: p. 152-157. |
| 650 #0 - SUBJECT ADDED ENTRY--TOPICAL TERM | |
| Topical term or geographic name entry element | Geology |
| Geographic subdivision | Alabama |
| -- | Choctaw County. |
| 650 #0 - SUBJECT ADDED ENTRY--TOPICAL TERM | |
| Topical term or geographic name entry element | Groundwater |
| Geographic subdivision | Alabama |
| -- | Choctaw County. |
| 810 2# - SERIES ADDED ENTRY--CORPORATE NAME | |
| Corporate name or jurisdiction name as entry element | Geological Survey of Alabama. |
| Title of a work | Special report ; |
| Volume/sequential designation | 21. |
| 810 2# - SERIES ADDED ENTRY--CORPORATE NAME | |
| Corporate name or jurisdiction name as entry element | Geological Survey of Alabama. |
| Title of a work | County report ; |
| Volume/sequential designation | 2. |
No items available.